000 00463pam a2200157 4500
003 IeDuTC
005 20181127184640.0
008 080807s2005 enk 000 1 eng
020 _a0007214693 (pbk) :
_c4.99
100 1 _aCoelho, Paulo.
240 0 0 _aValkyrias.
_lEnglish.
245 1 4 _aThe valkyries /
_cPaulo Coelho ; translated by Alan R. Clarke.
260 _aLondon :
_bHarperCollins,
_c2007.
300 _a212 p. ;
_c18 cm.
546 _aTranslation of: Valkyries.
999 _c6797
_d6797